ნორმალური ფორმატი
MARC ფორმატი
ჩანაწერი Corporate Name
ჩანაწერთა რაოდენობა, რომელიც გამოყენებულია: 1
001 - CONTROL NUMBER
- control field: 22988
003 - CONTROL NUMBER IDENTIFIER
- control field: GE_BSU
005 - DATE AND TIME OF LATEST TRANSACTION
- control field: 20240726175234.0
008 - FIXED-LENGTH DATA ELEMENTS
- fixed length control field: 240726|| aca||aabn | a|a d
040 ## - CATALOGING SOURCE
- Original cataloging agency: GE_BSU
- Transcribing agency: GE_BSU
110 ## - HEADING--CORPORATE NAME
- Corporate name or jurisdiction name as entry element: კლასიკური ფილოლოგიის, ბიზანტინისტიკისა და ნეოგრეცისტიკის ინსტიტუტი.
670 ## - SOURCE DATA FOUND
- Source citation: Work cat.: (GE_BSU): ანტიკური კავკასია: ენციკლოპედია: რუკები და ილუსტრაციები = Caucasus Antiguus: Encyclios disciplina. volumen V: tabulae et illustrations.
